| 000 | 00397nam a2200169Ia 4500 | ||
|---|---|---|---|
| 005 | 20240823011357.0 | ||
| 008 | 240823s9999||||xx |||||||||||||| ||und|| | ||
| 082 | _A660 P1 | ||
| 100 | _aKrishnamurthy N [et al] | ||
| 245 | 0 | _aApplied Chemistry | |
| 250 | _a2nd | ||
| 260 |
_c2001 _b"TMH,New Delhi" |
||
| 500 | _aTRANSFERED | ||
| 650 |
_aChemistry _bChemistry |
||
| 942 | _cBK | ||
| 999 |
_c161361 _d161361 |
||